Teoretiko-množesvtennyje metody v gomologičeskoj algebre i teorii abalevych grupp /

Gespeichert in:
Bibliographische Detailangaben
1. Verfasser: Eklof, Paul C (Verfasst von)
Weitere Verfasser: Ryčkov, S.V (Übersetzung)
Format: Buch
Sprache:Russisch
Veröffentlicht: Moskva : Mir, 1986
Schlagworte:
Tags: Tag hinzufügen
Keine Tags, Fügen Sie das erste Tag hinzu!

MARC

LEADER 00000nam a22000003a 4500
001 stu35807
005 20150617225731.5
008 920513s1986----xxr-----------------rus-d
040 |a STU  |b slo 
041 0 |a rus 
044 |a xxr 
080 |a 512.6(035) 
100 1 |a Eklof, Paul C  |4 aut 
245 1 |a Teoretiko-množesvtennyje metody v gomologičeskoj algebre i teorii abalevych grupp /  |c [aut.]Paul C. Eklof; Z angl. S.V. Ryčkov 
260 |a Moskva :  |b Mir,  |c 1986 
300 |a 89 s 
650 7 |a algebra  |2 stusub 
650 7 |a príručky  |2 stusub 
650 7 |a teória grúp  |2 stusub 
650 7 |a Grupy  |2 stusub 
650 7 |a teória  |2 stusub 
700 1 |a Ryčkov, S.V  |4 trl 
996 |b 284M062016  |c M*602-1  |l MMKN  |s A  |a 24  |w stu35807_0001 
996 |b E61166  |c E*61166  |l EE03  |s P  |a 0  |w stu35807_0002